| 000 | 00000nam##2200000za#4500 |
| 001 | 9.645632 |
| 003 | CaOODSP |
| 005 | 20210615112528 |
| 007 | ta |
| 008 | 150407|1994||||xxc||||| f|0| 0 eng|d |
| 020 | |a0-660-15732-2 |
| 040 | |aCaOODSP|beng |
| 043 | |an-cn--- |
| 086 | 1 |aH21-117/1994E |
| 110 | 1 |aCanada. |bHealth Canada. |
| 245 | 14|aThe Canadian guide to clinical preventive health care / |cPrepared by the Canadian Task Force on the Periodic Health Examination. |
| 260 | |aOttawa - Ontario : |bHealth Canada |c1994. |
| 300 | |alxvii, 1009p. 23p. : |bgraphs, references, tables ; |c23 cm. |
| 500 | |a"This book is designed to serve as a practical guide to clinicians, health professionals, professional associations and health care planners in determining the inclusion or exclusion, content and frequency of a wide variety of preventive health interventions."--Introduction. Contents: Prenatal and perinatal preventive care.--Pediatric preventive care.--Immunization of children and adults.--Preventive dental care.--Disorders of the genitourinary tract.--Prevention of psychosocial illness and diseases of lifestyle.--Metabolic nutritional disorders.--Circulatory disorders.--Other infectious diseases.--Neoplasms.--Conditions affecting primarily the elderly. |
| 520 | 3 |aA reference to help health care specialists and policy planners evaluate the prevention of medical conditions. |
| 563 | |aSoftcover |
| 590 | |a94-44|b1994-11-04 |
| 690 | 07|aHealth promotion|2gcpds |
| 690 | 07|aHealth|2gcpds |
| 775 | 08|tGuide canadien de médecine clinique préventive / |w(CaOODSP)9.679287 |
| 776 | 0#|tThe Canadian guide to clinical preventive health care / |w(CaOODSP)9.699650 |